000 00904nam a22002297a 4500
003 UA-OsUOA
001 102338
007 ta
008 20130906b un ||||| |||| 00| 0 ukr d
090 _a130.1:37
_bД85
942 _cBK
040 _aUA-OsUOA
_bukr
_cUA-OsUOA
_dUA-OsUOA
245 _aДуховне життя українського суспільства: теоретико-методологічні та онтологічні проблеми розвитку
_bколективна монографія у трьох книгах
_cза заг. ред.Скотного В.
300 _a244 с.
955 _a1
041 _aukr
080 _a130.1:37
020 _a978-966-384-159-5
260 _aК.
_bІнформаційно-редакційний відділ ДДПУ ім. Івана Франка
_c2009
650 7 _a1 Філософські науки
_2UDC
999 _c388552
_d388552